Srecko Kosovel

Guardat en:
Dades bibliogràfiques
Autor principal: Alyn, Marc (Autor)
Format: Llibre
Idioma:francès
Publicat: París Pierre Seghers 1965
Col·lecció:Poetes d' ajujurd' hui, 127
Matèries:
Etiquetes: Afegir etiqueta
Sense etiquetes, Sigues el primer a etiquetar aquest registre!

MARC

LEADER 00000nam a2200000 a 4500
001 UCY5169
003 CL-VaPUC
008 950413e19650000FR |||||||||||||||||fre|d
082 0 4 |a 831.09  |b ALY  |2 21 
100 0 |a Alyn, Marc  |e author  |9 333811 
245 1 0 |a Srecko Kosovel 
300 |a 188 p 
942 |c BK 
945 |d 19950413 00:00:00  |a oaravena 
260 |a París  |b Pierre Seghers  |c 1965 
600 0 7 |a KOSOVEM, SRECKO  |2 CL-VaPUC  |9 333812 
650 0 |a Crítica e interpretación   |9 255042 
583 |a last modification  |c 19950413 00:00:00  |k Rodrigo Vera 
490 0 |a Poetes d' ajujurd' hui, 127 
999 |c 232881  |d 232879 
952 |0 0  |1 0  |4 0  |6 831_090000000000000_ALY_1965  |7 0  |8 P  |9 237836  |a BIBART  |b BIBART  |d 2019-11-18  |i 3072711  |o 831.09 ALY 1965  |p 3072711  |r 2025-03-13  |w 2019-11-18  |y BK  |k ART